00971nas a2200241Ia 4500001001100000003000900011008004100020040001300061040001300074041001300087100003800100210001200138222001200150245008300162250001100245260002200256501008600278300001100364310001500375362003400390500026200424650004300686R142/D0914IT-RoPAU151124c99999999xx |||||||||||| ||und|| aIT-RoPAU cIT-RoPAU aITALIANO aAA.VV. gCodice Aut. SPICS: 12000 aRESEAUX aReseaux aRESEAUX, N.069 (GENNAIO/FEBBRAIO 1995)bReseaux, N.069 (Gennaio/Febbraio 1995) a1a ed. aPARISbCNETc1995 bPaulus - SPICS - Società San Paolo EM (non-commercial uses only)cCopyright2015 a264 p. aBIMESTRALE aN.069 (GENNAIO/FEBBRAIO 1995) aReti: Comunicazione, Tecnologia e Società. Dossier su Impresa e Legame Sociale con Contributi di Autori Vari. Presentazione di Patrice Flichy e Daniele Linhart. Note di Letture: Recensione dei Libri: Vari Libri Sui Precursori Anglo Americani della Nuova S aCOMUNICAZIONEvPUBBLICAZIONE PERIODICA